000 00293nam a22001217a 4500
082 _a200
_bSAI/P
100 _aSAINT LOUIS MARIE DE MONTFORT
245 _aTOTAL CONSECRATION
260 _aNEWYORK
_bMONTFORE PUBLICATIONS
_c2005
300 _a86
650 _aRELIGIOUS
_zUNITED STATES
942 _cBK
999 _c5259
_d5259